00321nam a2200133Ia 4500008004100000041000800041082001500049100001600064245001700080250001400097260003700111300003200148365000700180240624s9999 xx 000 0 und d aeng a346.07 TUL aTULSIAN P C aBUSINESS LAW a(2nd ed.) c2000aNew DelhibTata McGrawhill axvii, : 275 : p. : cm. ; 25 cRS